00431nam a22001577a 4500003000400000082001400004100002400018245002700042260004100069300000800110650001200118653001000130942001200140952010400152999001700256SGT a340bD22H aHanda, Rajendra Lal aDilli jo ek sheher tha aHaryana, IndiabSGT Universityc2022 a145 aHistory aDelhi 2ddccBK 00102ddc4070aFDbFDd2025-08-21iSGTUl0o340 D22HpFD9731r2025-08-21 00:00:00w2025-08-21yBK c32303d32303